Eastern Utah Libraries Catalog: Duchesne, Heber, Roosevelt, & Vernal

The danger with diamonds / (Record no. 377859)

MARC details
000 -LEADER
fixed length control field 02255cam a22004575i 4500
001 - CONTROL NUMBER
control field 22644364
005 - DATE AND TIME OF LATEST TRANSACTION
control field 20221110153457.0
008 - FIXED-LENGTH DATA ELEMENTS--GENERAL INFORMATION
fixed length control field 220609t20222022utu 000 f eng d
010 ## - LIBRARY OF CONGRESS CONTROL NUMBER
LC control number 2022940541
020 ## - INTERNATIONAL STANDARD BOOK NUMBER
International Standard Book Number 9781524421205
020 ## - INTERNATIONAL STANDARD BOOK NUMBER
International Standard Book Number 1524421200
035 ## - SYSTEM CONTROL NUMBER
System control number (OCoLC)on1346450766
040 ## - CATALOGING SOURCE
Original cataloging agency UPZ
Language of cataloging eng
Transcribing agency UPZ
Description conventions rda
Modifying agency RB0
-- OCLCA
-- DLC
042 ## - AUTHENTICATION CODE
Authentication code lccopycat
043 ## - GEOGRAPHIC AREA CODE
Geographic area code e-au---
082 04 - DEWEY DECIMAL CLASSIFICATION NUMBER
Classification number 813/.6
Edition number 23
092 ## - LOCALLY ASSIGNED DEWEY CALL NUMBER (OCLC)
Classification number F
100 1# - MAIN ENTRY--PERSONAL NAME
Personal name Abramson, Traci Hunter,
Relator term author.
9 (RLIN) 77006
245 14 - TITLE STATEMENT
Title The danger with diamonds /
Statement of responsibility, etc Traci Hunter Abramson, Sian Ann Bessey.
264 #1 - Production, Publication, Distribution, Manufacture, and Copyright Notice.
Place of production, publication, distribution, manufacture American Fork, Utah :
Name of producer, publisher, distributor, manufacturer Covenant Communications, Inc.,
Date of production, publication, distribution, manufacture, or copyr [2022]
264 #4 - Production, Publication, Distribution, Manufacture, and Copyright Notice.
Date of production, publication, distribution, manufacture, or copyr ©2022
300 ## - PHYSICAL DESCRIPTION
Extent 257 pages ;
Dimensions 23 cm.
336 ## - Content Type
Content type term text
337 ## - Media type
Media type term unmediated
338 ## - Carrier type
Carrier type term volume
490 1# - SERIES STATEMENT
Series statement A Falcon Point suspense
520 ## - SUMMARY, ETC.
Summary, etc "When Lars Hendriks arranges to meet Marit Jansen in Vienna, he is hoping their friendship will blossom into romance. What he doesn't expect is a surprise visit from his cousin Cole or the loose diamonds he brings with him. As a CIA operative, Cole Bridger is used to uncertainty, but when his work takes him back to Vienna, he looks forward to reconnecting with Isabelle Roberts, the fellow agent he dated briefly before duty took him away from Austria. Unfortunately, his silence over the last few months has created a chasm that he can't cross without help. He barely takes a step toward repairing the damaged relationship when a brazen jewel heist seemingly links Cole, Lars, Marit, and Isabelle to the crime."--
610 10 - SUBJECT ADDED ENTRY--CORPORATE NAME
Corporate name or jurisdiction name as entry element United States.
Subordinate unit Central Intelligence Agency
General subdivision Officials and employees
Form subdivision Fiction.
9 (RLIN) 5704076
650 #0 - SUBJECT ADDED ENTRY--TOPICAL TERM
Topical term or geographic name as entry element Cousins
Form subdivision Fiction.
650 #0 - SUBJECT ADDED ENTRY--TOPICAL TERM
Topical term or geographic name as entry element Jewelry theft
Form subdivision Fiction.
9 (RLIN) 5728754
651 #0 - SUBJECT ADDED ENTRY--GEOGRAPHIC NAME
Geographic name Vienna (Austria)
Form subdivision Fiction.
9 (RLIN) 5748297
655 #7 - INDEX TERM--GENRE/FORM
Genre/form data or focus term Christian fiction.
Source of term lcgft
655 #7 - INDEX TERM--GENRE/FORM
Genre/form data or focus term Spy fiction.
Source of term lcgft
9 (RLIN) 5700151
655 #7 - INDEX TERM--GENRE/FORM
Genre/form data or focus term Detective and mystery fiction.
Source of term lcgft
9 (RLIN) 5683641
655 #7 - INDEX TERM--GENRE/FORM
Genre/form data or focus term Romance fiction.
Source of term lcgft
655 #7 - INDEX TERM--GENRE/FORM
Genre/form data or focus term Novels.
Source of term lcgft
655 #7 - INDEX TERM--GENRE/FORM
Genre/form data or focus term LDS fiction.
Source of term local
9 (RLIN) 5726108
700 1# - ADDED ENTRY--PERSONAL NAME
Personal name Bessey, Siân Ann,
Dates associated with a name 1963-
Relator term author.
9 (RLIN) 1065
800 1# - SERIES ADDED ENTRY--PERSONAL NAME
Personal name Abramson, Traci Hunter.
Title of a work Falcon Point series.
9 (RLIN) 6458075
942 ## - ADDED ENTRY ELEMENTS (KOHA)
Source of classification or shelving scheme Dewey Decimal Classification
Koha item type BOOK
Holdings
Withdrawn status Lost status Source of classification or shelving scheme Damaged status Not for loan Collection code Home library Current library Shelving location Date acquired Source of acquisition Total Checkouts Total Renewals Full call number Barcode Date last seen Date checked out Cost, replacement price Price effective from Koha item type Serial Enumeration / chronology
  Missing Dewey Decimal Classification     Adult Fiction LDS Wasatch County Library Wasatch County Library First Floor 10/20/2022 Amazon 11 11 F LDS Abramson 34301001867359 04/09/2024 01/05/2024 16.99 10/20/2022 BOOK  
    Dewey Decimal Classification     Adult Fiction LDS Wasatch County Library Wasatch County Library First Floor 01/09/2025 Donation 3 2 F LDS Abramson 34301002142562 11/10/2025 09/30/2025 16.99 01/09/2025 BOOK #1 Falcon Point
This project was made possible through a grant from the Institute of Museum and Library Service administered by the Utah State Library Division.

Wasatch County Library

  • 465 East 1200 South, Heber City, Utah 84032
  • Phone 435-654-1511 | Fax 435-654-6456

Hours

  • Monday - Friday 9:30 AM - 8:00 PM
  • Saturday 9:30 AM - 1:30 PM
  • Closed Sundays and Holidays